000
00234nam a2200097Ia 4500
005
20251222114358.0
008
251222s1900||||xx |||||||||||||| ||spa||
082
_a
DVD0010/M58/2005
245
0
_a
La ciudad del pecado:Sin City
942
_c
DVD
999
_c
1509
_d
1509